000
00315nam a22001457a 4500
008
230512b ||||| |||| 00| 0 eng d
020
_a
9781642770896
041
_a
eng
080
_a
311
082
_a
311HEN
100
_a
25
101
_a
STATIK
245
_a
BEGINNONG STATISTICS
_c
HENDRIX.R
942
_2
udc
_c
BK
999
_c
59696
_d
59696